Argentine presidents - sudden death - Statistics

General Stats
  • This quiz has been taken 28 times
  • The average score is 7 of 18
Answers on the Grid
Answers color-coded by a green-red scale on the quiz's grid according to % correct below.
Javier Milei
Cristina Fernández de Kirchner
Cornelio Saavedra
Arturo Frondizi
José de San Martín
Ricardo Balbín
Arturo Illia
Néstor Kichner
Patricia Bullrich
Raúl Alfonsín
Oscar Alende
Daniel Scioli
Domingo Faustino Sarmiento
Juan Manuel de Rosas
Hipólito Yrigoyen
Julio Argentino Roca
Francisco Madero
Leandro N. Alem
José Figueroa Alcorta
Bartolomé Mitre
Roberto M. Ortiz
María Eva Duarte de Perón
Elisa "Lilita" Carrió
Sergio Massa
Marcelo T. de Alvear
Fernando de la Rúa
Julio Argentino Pascual Roca
Spruille Braden
Juan Manuel Casella
Victorino de la Plaza
Héctor J. Cámpora
Eduardo Duhalde
Bernardo de Irigoyen
Eduardo Menem
Juan Domingo Perón
Franco Macri
 
Answer Stats
Answer % Correct
Javier Milei
93%
Cristina Fernández de Kirchner
87%
Néstor Kichner
80%
Arturo Illia
47%
Hipólito Yrigoyen
47%
Julio Argentino Roca
40%
Raúl Alfonsín
40%
Arturo Frondizi
33%
Domingo Faustino Sarmiento
27%
Juan Domingo Perón
27%
Roberto M. Ortiz
27%
Bartolomé Mitre
20%
Fernando de la Rúa
20%
Marcelo T. de Alvear
20%
Victorino de la Plaza
20%
Eduardo Duhalde
13%
Héctor J. Cámpora
13%
José Figueroa Alcorta
13%
No matching quizzes found
Score Distribution
Percent of People with Each Score
Percentile by Number Answered
Your Score History
You have not taken this quiz